Iran : past and present /

محفوظ في:

المؤلف الرئيسي: Wilber, Donald Newton (مؤلف)

التنسيق: كتاب

اللغة: English

منشور في: Princeton, New Jerset, Princeton University Press, 1958.

الطبعة: Fourth edition.

الموضوعات:

الوسوم: إضافة وسم

لا توجد وسوم, كن أول من يضع وسما على هذه التسجيلة!

رقم الطلب: DS272 .W49 1958

LEADER 00690cam a22002051i 4500
005 20231227132819.0
008 720919s1958 njuab g b 001 0 eng
999 |c 55193  |d 55193 
050 0 0 |a DS272  |b .W49 1958 
100 1 |a Wilber, Donald Newton,  |e author. 
245 1 0 |a Iran :   |b past and present /  |c by Donald N. Wilber. 
250 |a Fourth edition. 
264 1 |a Princeton, New Jerset,  |b Princeton University Press,  |c 1958. 
300 |a 312 pages :  |b illustrations, maps ;  |c 21 cm 
336 |2 rdacontent  |a text  |b txt 
337 |2 rdamedia  |a unmediated  |b n 
338 |2 rdacarrier  |a volume  |b n 
504 |a Includes bibliographical references (pages 294-296) and index. 
651 0 |a Iran. 
942 |2 lcc  |c BK